000 00464nam a22001457a 4500
005 20251108131050.0
008 251108b |||||||| |||| 00| 0 eng d
020 _a9780131105546
050 _aTL214 .F8
_b.H35
100 _aHalderman, James D.
245 _aWorktext for Automotive Fuel and Emissions Control Systems
_cJames D. Halderman
260 _aUpper Saddle River, New Jersey
_bPrentice Hall
_c2006
300 _axi. 200p.
_bill.
_c27.5cm
942 _2lcc
_cBK
_n0
999 _c8157
_d8157